[Event "CZE-ch Juniors op-A"]
[Site "Sec u Chrudimi"]
[Date "2007.03.14"]
[Round "6"]
[White "Sevcik, Zdenek"]
[Black "Valenta, Petr"]
[Result "1/2-1/2"]
[WhiteElo "1820"]
[BlackElo "1939"]
[PlyCount "101"]
[EventDate "2007.03.10"]
[EventType "swiss"]
[EventRounds "9"]
[EventCountry "CZE"]
[SourceTitle "EXT 2008"]
[Source "ChessBase"]
[SourceDate "2007.11.25"]
[SourceVersion "1"]
[SourceVersionDate "2007.11.25"]
[SourceQuality "1"]

1. e4 c5 2. Nf3 d6 3. Nc3 Nf6 4. d4 cxd4 5. Nxd4 a6 6. Be3 b5 7. f3 e5 8. Nb3 Be6 9. Nd5 Nbd7 10. c4 Bxd5 11. cxd5 Nc5 12. Rc1 Nfd7 13. Be2 Be7 14. 0-0 0-0 15. Nxc5 dxc5 16. a4 Qb8 17. f4 b4 18. b3 Qd6 19. Qe1 f5 20. exf5 e4 21. Kh1 Kh8 22. Qd2 Rxf5 23. Bg4 Rxd5 24. Qc2 Rd3 25. Rfd1 Rd8 26. Be2 Rxd1+ 27. Rxd1 Qc6 28. Qc4 a5 29. Qf7 Qf6 30. Qxf6 gxf6 31. Bb5 Nf8 32. Rxd8 Bxd8 33. Bxc5 Ne6 34. Be3 Bc7 35. f5 Nd8 36. Bc4 Nb7 37. Kg1 Nd6 38. Be6 Kg7 39. g4 Nf7 40. Bd5 Ng5 41. Kg2 Nf3 42. h3 Ne1+ 43. Kf2 Nd3+ 44. Kf1 Nf4 45. Bxe4 Nxh3 46. Ke1 Ng5 47. Bb7 Nf7 48. Bf3 Ne5 49. Be2 Kf7 50. g5 Bd8 51. Bh5+ 1/2-1/2

[Event "CZE-ch Juniors op-A"]
[Site "Zlate Hory"]
[Date "2006.03.18"]
[Round "9"]
[White "Sevcik, Zdenek"]
[Black "Skut, Michal"]
[Result "1/2-1/2"]
[WhiteElo "1829"]
[BlackElo "1682"]
[PlyCount "24"]
[EventDate "2006.03.11"]
[EventType "swiss"]
[EventRounds "9"]
[EventCountry "CZE"]
[SourceTitle "EXT 2008"]
[Source "ChessBase"]
[SourceDate "2007.11.25"]
[SourceVersion "1"]
[SourceVersionDate "2007.11.25"]
[SourceQuality "1"]

1. Nf3 d5 2. c4 Nf6 3. d4 Bg4 4. Ne5 Bf5 5. Nc3 c6 6. Qb3 Bc8 7. cxd5 cxd5 8. e3 e6 9. Bd3 Nbd7 10. f4 a6 11. Bd2 Qb6 12. Qc2 Be7 1/2-1/2